| 000 | 01016na a2200301 4500 | ||
|---|---|---|---|
| 001 | 18751 | ||
| 003 | MIRAKIL | ||
| 005 | 20181213155045.0 | ||
| 008 | 161125b tu 000 0 | ||
| 020 | _a9751924790 | ||
| 040 |
_aMilas _btur _cTR-AnCHP |
||
| 041 | _atur | ||
| 082 |
_a338.9 _bA22 2000 |
||
| 090 | _a338.9 A22 2000 | ||
| 245 |
_aAdalet Hizmetlerinde etkinlik özel ihtisas komisyonu raporu _cDevlet Planlama Teşkilatı |
||
| 260 |
_aAnkara _bDevlet Planlama Teşkilatı _c2000 |
||
| 300 |
_aii, 98 s. _btbl. _c27 sm. |
||
| 440 |
_aDPT _v2506 |
||
| 490 |
_aÖİK _v526 |
||
| 500 | _aSekizinci beş yıllık kalkınma planı özel ihtisas komisyonu raporu | ||
| 610 | _aDevlet Planlama Teşkilatı (DPT) | ||
| 650 |
_aBeş yıllık kalkınma planları _yTürkiye |
||
| 650 |
_aAdalet hizmetleri _xKalkınma planı, 2000 _yRaporlar |
||
| 710 | _aDevlet Planlama Teşkilatı (DPT) | ||
| 830 | _aÖzel İhtisas Komisyonu | ||
| 830 | _aDevlet Planlama Teşkilatı Yayınları | ||
| 942 |
_2ddc _cBKS |
||
| 999 |
_c5721 _d5721 |
||